Ontario Trivia - Statistics

General Stats
  • This quiz has been taken 31 times
  • The average score is 19 of 25
Answer Stats
Hint Answer % Correct
Largest metros Ottawa
100%
Tallest structure in Canada CN Tower
96%
Waterfall system shared with NY Niagara Falls
96%
Largest metros Toronto
96%
Ontario's NHL hockey teams Toronto Maple Leafs
92%
Bordering U.S. city to Windsor Detroit
88%
Most famous Canadian rapper Drake
88%
Only Great Lake Ontario doesn't border Lake Michigan
88%
Ontario's NHL hockey teams Ottawa Senators
88%
Busiest freeway in North America Highway {401}
80%
Massive bay to the far north Hudson Bay
80%
Largest metros London
80%
Mayor recorded using cocaine Rob Ford
80%
Hockey player who made over 200 points in one season Wayne Gretzky
80%
Largest metros Hamilton
72%
Largest metros Kitchener
72%
Largest Ontario city on Lake Superior Thunder Bay
72%
License plate slogan Yours to {Discover}
72%
Lead actor in The Truman Show Jim Carrey
64%
City known for copper and nickel deposits Sudbury
64%
Host of Jeopardy! Alex Trebek
60%
Lake that Barrie is located on Lake Simcoe
52%
Film director and ocean explorer James Cameron
48%
Mean Girls actress Rachel McAdams
32%
Largest lake entirely in Ontario Lake Nipigon
16%
No matching quizzes found
Score Distribution
Percent of People with Each Score
Percentile by Number Answered
Your Score History
You have not taken this quiz